Militares en el banquillo y reformas constitucionales /

Salvato in:
Dettagli Bibliografici
Autore principale: Hernández Pico, Juan
Natura: testo
Tags: Aggiungi Tag
Nessun Tag, puoi essere il primo ad aggiungerne!!

MARC

LEADER 00000 a a2200000 04500
001 45435
003
040
100 |a Hernández Pico, Juan  
245 |a Militares en el banquillo y reformas constitucionales /  |c Juan Hernández Pico  
773 |g volumen31, número366 ( , 2012), páginas 42-45  
999 |c 32950  |d 32950